000 00428nam a2200169Ia 4500
005 20250423100724.0
008 250422s9999 xx 000 0 und d
020 _a0- 679- 74297- 2
050 _aTK 7882.C56 .C25/
100 _aFabrizio Caffarelli
245 0 _aPublish yourself on CD-ROM: mastering CDs for multimedia
260 _bRandom House
260 _c1992
300 _a404 p
650 _aCD- ROM
942 _cBK
999 _c34157
_d34157